00491nam a2200193 a 4500001001300000003000900013005001700022008004100039020001000080082001600090100001900106245003400125260004800159300000800207500003500215505001700250650001100267700001900278nice12345678IN_TiNIC20260116011311.0050524s1923 cama grp 000 0 eng  ac10000a297.4bNIC1 aNicholson, R A aIdea of Personality in Sufism aCambridgebCambridge University Pressc1923 a77p aincludes index and biblioraphy2 aIndex, Illus aSufism1 aNicholson, R A